[Event "Wch U18"]
[Site "Menorca"]
[Date "1996.??.??"]
[Round "6"]
[White "Malakhov, Vladimir"]
[Black "Vescovi, Giovanni"]
[Result "1-0"]
[WhiteElo "2515"]
[BlackElo "2490"]

1.e4 c5 2.Nf3 e6 3.c4 Nc6 4.Nc3 Nf6 5.Be2 Qc7 6.h3 a6 7.O-O Nd4 8.d3 Nxf3+
9.Bxf3 Bd6 10.d4 cxd4 11.Qxd4 Be5 12.Qd3 O-O 13.Be3 d6 14.Rac1 b6 15.b4 Bd7
16.Ne2 Bc6 17.Nd4 Bb7 18.g3 Nd7 19.Bg2 Bf6 20.Nb3 Rac8 21.Qe2 Be7 22.Rfd1 a5
23.bxa5 Ba6 24.Qd2 bxa5 25.Nxa5 Ne5 26.Bf4 Qb6 27.Rb1 Qc5 28.Bxe5 Qxe5 29.Rb6 Bxc4
30.Nc6 Qf6 31.a4 Rxc6 32.Rxc6 Bb3 33.Rb1 Bxa4 34.Ra6 Be8 35.Rb7 e5 36.Bf1 h5
37.h4 Kh8 38.Qg5 Qxg5 39.hxg5 Bxg5 40.Rb8  1-0

[Event "Wch U18"]
[Site "Menorca"]
[Date "1996.??.??"]
[Round "9"]
[White "Dao Thien Hai"]
[Black "Malakhov, Vladimir"]
[Result "1-0"]
[WhiteElo "2535"]
[BlackElo "2515"]

1.d4 c5 2.d5 d6 3.e4 e5 4.Nc3 Be7 5.f4 exf4 6.Bxf4 Nf6 7.Be2 Nbd7 8.Nf3 O-O
9.O-O Re8 10.e5 dxe5 11.Nxe5 Nb6 12.Bb5 Bd7 13.d6 Bf8 14.Nxd7 Nfxd7 15.Nd5 Nxd5
16.Qxd5 Nf6 17.Qxb7 Rb8 18.Qc6 Re4 19.d7 Re6 20.Qc7 Reb6 21.Qxd8 Rxd8 22.Bc7 Rxb5
23.Bxd8 Nxd7 24.Rad1 Rb7 25.Rfe1 Nb8 26.Re8 Nc6 27.Rd6 Nd4 28.Bh4 Ne6 29.Bg3 g5
30.Rdxe6  1-0

[Event "Wch U18"]
[Site "Menorca"]
[Date "1996.??.??"]
[Round "11"]
[White "Chibukhchian, Artur"]
[Black "Malakhov, Vladimir"]
[Result "0-1"]
[WhiteElo "2310"]
[BlackElo "2515"]

1.d4 d5 2.c4 c6 3.cxd5 cxd5 4.Nc3 Nc6 5.Nf3 Nf6 6.Bf4 Bf5 7.e3 e6 8.Bb5 Nd7
9.Qa4 Qb6 10.Nh4 Be4 11.f3 Bd3 12.Nxd5 Bxb5 13.Nxb6 Bxa4 14.Nxa8 Nb4 15.g4 Be7
16.Ng2 O-O 17.Nc7 Nc2+ 18.Kf2 Nxa1 19.Rxa1 Rc8 20.Rc1 e5 21.Bg3 Bd8 22.b3 Bb5
23.a4 Ba6 24.b4 b6 25.Nxa6 Rxc1 26.dxe5 Ra1 27.b5 Rxa4 28.e6 fxe6 29.Nf4 Kf7
30.Nd3 Ra5 31.Ndb4 Rxb5 32.Nc6 Bf6 33.Ke2 Rb2+ 34.Kd3 Ra2 35.Ncb4 Ra3+ 36.Ke4 Be7
37.Be1 Bxb4 38.Nxb4 Nc5+ 39.Kd4 Ra4 40.Kc3 Rxb4 41.Kxb4 Nd3+  0-1

[Event "RUS-Cup2"]
[Site "Moscow"]
[Date "1996.??.??"]
[Round "4"]
[White "Malakhov, Vladimir"]
[Black "Fedorov, Vladislav"]
[Result "0-1"]
[WhiteElo "2525"]
[BlackElo "2430"]

1.e4 d6 2.d4 Nf6 3.Nc3 g6 4.g3 Bg7 5.Bg2 O-O 6.Nge2 Na6 7.h3 c5 8.Be3 cxd4
9.Nxd4 Bd7 10.O-O Nc7 11.Qd2 Qc8 12.Kh2 Rd8 13.Nd5 Nfxd5 14.exd5 Nb5 15.Rfe1 Re8
16.c3 Nxd4 17.Bxd4 Bxd4 18.Qxd4 Qc5 19.Qd2 Rac8 20.Re4 Bf5 21.Rh4 f6 22.Re1 Rc7
23.Rd4 b5 24.Be4 Bxe4 25.Rexe4 a5 26.a3 Rf8 27.Kg1 Rf7 28.Qh6 Qa7 29.h4 Qa8
30.Qe3 Kf8 31.Qd3 Rc5 32.Re3 b4 33.cxb4 axb4 34.Qd2 bxa3 35.Rxa3 Qc8 36.Rda4 Kg7
37.b4 Rc2 38.Qd3 Rf8 39.Ra7 Re8 40.Qe4 Kf7 41.Rb3 Rc1+ 42.Kg2 Rc4 43.Qd3 Rc7
44.Rxc7 Qxc7 45.b5 Rb8 46.h5 Qc5 47.Rb1 Rb7 48.hxg6+ hxg6 49.g4 Ra7 50.Rh1 Ra2
51.Rh7+ Kf8 52.Qf3 Rb2 53.Rh8+ Kg7 54.Rb8 Rxb5 55.Rxb5 Qxb5 56.Qe4 Qd7 57.f3 Kf7
58.Qe3 Qb7 59.Qd2 Qb3 60.g5 fxg5 61.Qxg5 Qc2+ 62.Kg3 Qf5 63.Qd2 Kf6 64.Kf2 g5
65.Qd4+ Qe5 66.Qd3 Qh2+ 67.Kf1 Qf4 68.Qc3+ Qe5 69.Qd3 Qf4 70.Qc3+ Kf7 71.Kg2 g4
72.Qd3 Kf6 73.Qc3+ Kg6 74.fxg4 Qxg4+ 75.Kh2 Qh5+ 76.Kg1 Qxd5 77.Qc7 Qc5+  0-1

[Event "Porto San Giorgio op"]
[Site "Porto San Giorgio"]
[Date "1996.??.??"]
[Round "?"]
[White "Gerencer, Jozef"]
[Black "Malakhov, Vladimir"]
[Result "0-1"]
[WhiteElo "2180"]
[BlackElo "2535"]

1.d4 c5 2.e3 e6 3.Nf3 Nf6 4.b3 Be7 5.Bb2 O-O 6.Bd3 b6 7.Nbd2 Bb7 8.O-O d5
9.Ne5 Nbd7 10.Ndf3 Rc8 11.Qe2 Ne4 12.Nxd7 Qxd7 13.Ne5 Qc7 14.Rad1 f6 15.Nf3 c4
16.Bxe4 dxe4 17.Ne1 c3 18.Bc1 Qd7 19.f3 f5 20.fxe4 fxe4 21.g3 Rxf1+ 22.Qxf1 Bd5
23.Ng2 g5 24.Qe2 Bd6 25.Qg4 Qg7 26.Rf1 b5 27.Qe2 a6 28.Qg4 b4 29.Qe2 a5 30.Qa6 Qc7
31.Qe2 Ra8 32.Qh5 Qg7 33.Qe2 a4 34.Qb5 axb3 35.axb3 h5 36.Rf5 Rb8 37.Qa5 Bc7
38.Qc5 exf5 39.Qxd5+ Qf7 40.Qc6 Rb6 41.Qc5 Ra6  0-1

[Event "Porto San Giorgio op"]
[Site "Porto San Giorgio"]
[Date "1996.??.??"]
[Round "?"]
[White "Borgo, Giulio"]
[Black "Malakhov, Vladimir"]
[Result "0-1"]
[WhiteElo "2400"]
[BlackElo "2535"]

1.d4 d5 2.Nf3 Nf6 3.Bg5 e6 4.Nbd2 Be7 5.e3 O-O 6.Bd3 Nbd7 7.c3 c5 8.Ne5 Nxe5
9.dxe5 Nd7 10.Bf4 f5 11.h4 Kh8 12.Qe2 Qe8 13.O-O-O c4 14.Bc2 b5 15.g4 b4
16.cxb4 Bxb4 17.gxf5 exf5 18.Nf3 Nb6 19.Rhg1 c3 20.b3 a5 21.Nd4 a4 22.Qb5 Qxb5
23.Nxb5 Bd7 24.Nd4 axb3 25.Bxb3 Ba4 26.Nc2 Bxb3 27.axb3 Be7 28.e6 Bxh4 29.Bc7 Nc8
30.Be5 Bf6 31.Bxf6 Rxf6 32.Rxd5 Ne7 33.Rd6 h5 34.Rh1 Rh6 35.Rd7 Rxe6 36.Rxh5+ Kg8
37.Nd4 Re5 38.Nf3 Rc5 39.Nd4 Ra1+ 40.Kc2 Nd5 41.Kd3 Rd1+ 42.Ke2 Rd2+ 43.Kf3 Nf6
44.Rd8+ Kf7 45.Rh1 c2 46.Rc1 Rd1 47.b4 Rc4  0-1

[Event "CRO-chT2"]
[Site "Tucepi"]
[Date "1996.??.??"]
[Round "?"]
[White "Malakhov, Vladimir"]
[Black "Marangunic, Srdjan"]
[Result "1/2-1/2"]
[WhiteElo "2535"]
[BlackElo "2450"]

1.e4 g6 2.d4 Bg7 3.Nc3 d6 4.g3 Nf6 5.Bg2 O-O 6.Nge2 c6 7.O-O e5 8.h3 Qe7
9.a4 Na6 10.Be3 Nb4 11.Qd2 d5 12.dxe5 Nxe4 13.Bxe4 dxe4 14.Nxe4 Rd8 15.Nf6+ Kh8
16.Qc3 Nd5 17.Nxd5 cxd5 18.h4 d4 19.Bxd4 Bf5 20.Qd2 Qxe5 21.Rad1 Qe8 22.Qc3 Bxd4
23.Nxd4 Rdc8 24.Qb3 Bd7 25.Rfe1 Qf8 26.Qxb7 Bxa4 27.Ra1 Bxc2 28.Rxa7 Rxa7
29.Qxa7 Kg8 30.Qb7 Ba4 31.b3 Rb8 32.Qd5 Rd8 33.Qc4 Bd7 34.Qc7 h5 35.b4 Ba4
36.Re4 Rc8 37.Qa5 Bd7 38.Qd5 Rd8 39.Qb3 Qd6 40.b5 Rb8 41.Rf4 Be8 42.Qc4 Rb7
43.Kh2 Qb6 44.Kg1 Bxb5 45.Qc8+ Kg7 46.Qc3 Kg8 47.g4 hxg4 48.Qc8+ Kh7 49.h5 Bd3
50.hxg6+ Bxg6 51.Rxg4 Rb8 52.Rh4+ Kg7 53.Qc3 f6 54.Rg4 Qb1+ 55.Kg2 Qb7+ 56.Kg3 Kh7
57.Rh4+ Kg7 58.Qc4 Bh7 59.Ne6+ Kh8 60.Kh2 Rg8 61.Rg4  1/2-1/2

[Event "CRO-chT2"]
[Site "Tucepi"]
[Date "1996.??.??"]
[Round "?"]
[White "Mestrovic, Zvonimir"]
[Black "Malakhov, Vladimir"]
[Result "0-1"]
[WhiteElo "2470"]
[BlackElo "2535"]

1.Nc3 d5 2.e4 dxe4 3.Nxe4 Nd7 4.Bc4 e6 5.Nf3 Ngf6 6.Nxf6+ Nxf6 7.d4 a6 8.O-O Be7
9.Ne5 c5 10.Be3 cxd4 11.Qxd4 Qxd4 12.Bxd4 b5 13.Bb3 Bb7 14.a4 O-O 15.Rfd1 Rfd8
16.Bb6 Rxd1+ 17.Rxd1 Nd5 18.Bxd5 Bxd5 19.b3 b4 20.Ng4 Rc8 21.Ne3 Be4 22.h4 h5
23.Rd7 Bf6 24.Ra7 Bxc2 25.Nxc2 Rxc2 26.Rxa6 Rb2 27.Ra8+ Kh7 28.a5 Rxb3 29.a6 Ra3
30.Bc5 Ra1+ 31.Kh2 b3 32.a7 b2 33.Rb8 Be5+  0-1

[Event "RUS-ch m1-2"]
[Site "Elista"]
[Date "1997.05.19"]
[Round "1.1"]
[White "Malakhov, Vladimir"]
[Black "Landa, Konstantin"]
[Result "1-0"]
[WhiteElo "2540"]
[BlackElo "2570"]

1.e4 c5 2.Nf3 e6 3.d4 cxd4 4.Nxd4 a6 5.Bd3 g6 6.O-O Bg7 7.Be3 Nc6 8.Nxc6 bxc6
9.Nd2 Ne7 10.c3 O-O 11.Nc4 d5 12.Nb6 Rb8 13.Nxc8 Nxc8 14.Bc5 Re8 15.Qa4 Qc7
16.exd5 exd5 17.Rae1 Rd8 18.Re2 a5 19.Rfe1 Bf8 20.Bd4 Nd6 21.Be5 Re8 22.h4 Re6
23.h5 Rbe8 24.hxg6 hxg6 25.Qh4 Bg7 26.Bxg7 Kxg7 27.Rxe6 Rxe6 28.Rxe6 fxe6
29.Qg3 Qe7 30.Bxg6 Nf7 31.Bh5+ Qg5 32.Qxg5+ Nxg5 33.b4 axb4 34.cxb4 Kf8 35.a4 Ke7
36.a5 Kd6 37.f4 Ne4 38.Bf7 Nc3 39.Kf2 e5 40.fxe5+ Kxe5 41.a6 Nb5 42.g4 Kf4
43.Be6 d4 44.Ke2  1-0

[Event "RUS-ch m5-8"]
[Site "Elista"]
[Date "1997.05.21"]
[Round "1.6"]
[White "Malakhov, Vladimir"]
[Black "Landa, Konstantin"]
[Result "1-0"]
[WhiteElo "2540"]
[BlackElo "2570"]

1.e4 c5 2.Nf3 e6 3.d4 cxd4 4.Nxd4 a6 5.Bd3 g6 6.O-O Bg7 7.Be3 Nc6 8.Nxc6 bxc6
9.Nd2 Ne7 10.c3 Rb8 11.Qc2 O-O 12.Rad1 d6 13.f4 Qc7 14.Kh1 c5 15.Nf3 Bb7
16.b3 d5 17.e5 a5 18.Qf2 Rfc8 19.Rc1 Qb6 20.h3 Rc7 21.b4 axb4 22.cxb4 Qxb4
23.Bxc5 Qa4 24.Bd6 Rxc1 25.Rxc1 Rc8 26.Rb1 Qxf4 27.Bxe7 Ba8 28.Bg5 Qa4 29.Bf6 Qa3
30.Qd2 Bf8 31.Nd4 Qa4 32.Bb5 Qa7 33.a4 Bb7 34.Bd7  1-0

[Event "RUS-ch m3-4"]
[Site "Elista"]
[Date "1997.05.21"]
[Round "1.4"]
[White "Malakhov, Vladimir"]
[Black "Landa, Konstantin"]
[Result "1/2-1/2"]
[WhiteElo "2540"]
[BlackElo "2570"]

1.e4 c5 2.Nf3 e6 3.d4 cxd4 4.Nxd4 a6 5.Bd3 Bc5 6.Nb3 Ba7 7.O-O Nc6 8.c4 Nf6
9.Nc3 d6 10.Qe2 e5 11.Be3 Bg4 12.f3 Be6 13.Rfd1 O-O 14.Bxa7 Rxa7 15.Qe3 Ra8
16.Rd2 Nb4 17.Bf1 Rc8 18.a3 Nc6 19.Rad1 Qc7 20.Rxd6 Nd4 21.R6xd4 exd4 22.Rxd4 Qb6
23.Na4 Qc6 24.Nac5 Rfd8 25.Na5 Qc7 26.Naxb7 Rxd4 27.Qxd4 a5 28.b4 axb4 29.axb4 Qb6
30.Nd6 Rd8 31.e5 Bf5 32.Qf4 Bg6 33.Nb7 Rd7 34.exf6 Rxb7 35.fxg7 Rd7 36.Be2 Rd8
37.Qe3 Qxb4 38.Kf2 Qb2 39.h4 h5 40.Qe7 Qd4+ 41.Kg3 Rc8 42.Nd7 Kxg7 43.Qe5+ Qxe5+
44.Nxe5 Rb8 45.c5 Rb2 46.Ba6 Kf6 47.Nc4 Ra2 48.Bb5 Bd3 49.c6 Bxc4 50.Bxc4 Rc2
51.Bd5 Rc5 52.Be4 Ke5 53.Bd3 Rxc6 54.f4+ Kf6 55.Be2 Rc3+ 56.Kf2 Kg6  1/2-1/2

[Event "RUS-ch m1-2"]
[Site "Elista"]
[Date "1997.05.23"]
[Round "2.2"]
[White "Svidler, Peter"]
[Black "Malakhov, Vladimir"]
[Result "1-0"]
[WhiteElo "2640"]
[BlackElo "2540"]

1.e4 c5 2.Nf3 g6 3.d4 Bg7 4.d5 Nf6 5.Nc3 d6 6.Be2 O-O 7.O-O e6 8.Nd2 exd5
9.exd5 Nbd7 10.Nc4 Nb6 11.Ne3 Bd7 12.a4 Rb8 13.Nb5 Ne8 14.c4 Nc8 15.g4 Nf6
16.Nc3 Re8 17.Bf3 h6 18.Bd2 b6 19.Rb1 a5 20.Kh1 Ne7 21.Be2 Kh8 22.f4 Neg8
23.Bf3 Nh7 24.Ne4 Bc8 25.Qc2 Rb7 26.Rbe1 Rbe7 27.b3 Bd4 28.Qd3 Ngf6 29.Nf2 g5
30.Nc2 Rxe1 31.Bxe1 Bxf2 32.Rxf2 Nxg4 33.Bc3+ Kg8 34.Rg2 Ngf6 35.fxg5 hxg5
36.Ne3 Qe7 37.Nf5 Bxf5 38.Qxf5 Nd7 39.Re2 Ne5 40.Bxe5 dxe5 41.Be4 Nf8 42.h4 Ng6
43.h5 Nf8 44.d6 Qd8 45.Rf2 f6 46.Qxf6 Qxf6 47.Rxf6 Kg7 48.Rf5 Kh6 49.Rf7 Kxh5
50.d7 Rd8 51.Bf5 g4 52.Re7 Kg5 53.Rxe5 Kf4 54.Re8 Rxd7 55.Bxd7 Nxd7 56.Kg2 Ne5
57.Re6 Nf3 58.Rxb6 Nh4+ 59.Kf1 g3 60.Rc6  1-0

[Event "RUS-ch m3-4"]
[Site "Elista"]
[Date "1997.05.24"]
[Round "2.3"]
[White "Malakhov, Vladimir"]
[Black "Svidler, Peter"]
[Result "0-1"]
[WhiteElo "2540"]
[BlackElo "2640"]

1.e4 c5 2.Nf3 d6 3.d4 cxd4 4.Nxd4 Nf6 5.Nc3 Nc6 6.Bc4 e6 7.Nb3 Qb6 8.Be3 Qc7
9.O-O a6 10.f4 Be7 11.Bd3 b5 12.Qf3 Bb7 13.Qh3 O-O 14.Rae1 Nb4 15.Nd4 Rae8
16.g4 Nd7 17.g5 Nxd3 18.cxd3 Nc5 19.Rd1 b4 20.Nce2 f5 21.gxf6 Bxf6 22.Ng3 g6
23.Qg2 Bg7 24.Nf3 Qa5 25.b3 Qb5 26.Qd2 a5 27.Bd4 e5 28.fxe5 dxe5 29.Ba1 Ba6
30.d4 exd4 31.Nxd4 Rxf1+ 32.Rxf1 Qd7 33.Re1 Nd3 34.Nc2 Qa7+ 35.Qe3 Qxe3+
36.Rxe3 Bh6 37.Rf3 Rc8 38.Rf6 Rxc2 39.Rxa6 Be3+ 40.Kh1 Rc1+ 41.Kg2 Rxa1 42.Rxa5 Bd4
43.Ne2 Bc3 44.Kf3 Nc1 45.Ra8+ Kg7 46.Ra7+ Kh6 47.Nf4 Rxa2 48.Re7 Nxb3 49.e5 Nd2+
50.Kg4 b3 51.Nd5 Ra4+ 52.Kg3 Bxe5+ 53.Rxe5 b2  0-1

[Event "RUS-ch m3-4"]
[Site "Elista"]
[Date "1997.05.24"]
[Round "2.4"]
[White "Svidler, Peter"]
[Black "Malakhov, Vladimir"]
[Result "1/2-1/2"]
[WhiteElo "2640"]
[BlackElo "2540"]

1.e4 c5 2.Nf3 g6 3.d4 Nf6 4.d5 Bg7 5.Nc3 O-O 6.e5 Ne8 7.h4 d6 8.e6 fxe6 9.h5 exd5
10.hxg6 hxg6 11.Qxd5+ e6 12.Qe4 Rf5 13.Qg4 Bxc3+ 14.bxc3 Qf6 15.Bd3 Qxc3+
16.Ke2 Qg7 17.Bxf5 gxf5 18.Qh4 Nc6 19.Bh6 Qg4 20.Rh3 Qxh4 21.Rxh4 e5 22.Rah1 f4
23.g3 fxg3 24.Rg1 Kf7 25.Rxg3 Bf5 26.c3 Nd8 27.Ng5+ Ke7 28.Rf3 Bb1 29.a3 Nc7
30.Bf8+ Kd7 31.Rh6 Ne8 32.Nh7 Kc6 33.Ng5 Kc7 34.Kd2 Ba2 35.Rd3 Bc4 36.Bxd6+ Kd7
37.Bxe5+ Bxd3 38.Kxd3 Nc6 39.Rh7+ Ne7 40.f4 Rd8 41.Ke4 Rc8 42.f5 Rc6 43.Ne6 Nd6+
44.Bxd6 Kxd6 45.Nd8 Rc7 46.f6 Nd5 47.Nxb7+ Ke6 48.Rxc7 Nxc7 49.Nxc5+ Kxf6
50.c4 a6 51.Kd4 Kf5 52.a4 Kf6 53.a5 Kf5 54.Nb3 Ke6 55.Kc5 Kd7 56.Kb6 Kd6
57.Kb7 Ne6 58.Kb6 Nc7 59.Nd4 Ne8 60.Nb5+ axb5 61.cxb5 Nc7 62.a6 Nxb5 63.Kxb5 Kc7  1/2-1/2

[Event "Montecatini Terme op"]
[Site "Montecatini Terme"]
[Date "1997.08.05"]
[Round "5"]
[White "Ortega, Lexy"]
[Black "Malakhov, Vladimir"]
[Result "1/2-1/2"]
[WhiteElo "2470"]
[BlackElo "2540"]

1.d4 d5 2.c4 e6 3.Nf3 c6 4.Qc2 Nf6 5.e3 Bd6 6.Nc3 O-O 7.Bd3 Nbd7 8.O-O e5
9.cxd5 cxd5 10.e4 dxe4 11.Nxe4 Nxe4 12.Bxe4 h6 13.Be3 exd4 14.Bh7+ Kh8 15.Bxd4 Qa5
16.Rfe1 Bc5 17.Bxc5 Qxc5 18.Rac1 Qa5 19.a3  1/2-1/2

[Event "Montecatini Terme op"]
[Site "Montecatini Terme"]
[Date "1997.08.06"]
[Round "6"]
[White "Malakhov, Vladimir"]
[Black "Lanzani, Mario"]
[Result "1-0"]
[WhiteElo "2540"]
[BlackElo "2360"]

1.e4 e5 2.Nf3 Nc6 3.Bb5 f5 4.Nc3 fxe4 5.Nxe4 Nf6 6.Qe2 d5 7.Ng3 Bd6 8.Bxc6+ bxc6
9.Nxe5 O-O 10.O-O c5 11.d4 Qe8 12.c3 cxd4 13.cxd4 c5 14.Be3 a5 15.Rfe1 a4
16.Qc2 c4 17.a3 Qb5 18.Bd2 Ng4 19.Nxg4 Bxg4 20.Bc3 Rae8 21.f3 Bc8 22.Nf1 Bf5
23.Qf2 Rxe1 24.Rxe1 Re8 25.Ne3 Be6 26.Re2 Qd7 27.Qe1 Bf7 28.Nd1 Rxe2 29.Qxe2 Qe8
30.Qd2 Qb8 31.g3 Bh5 32.Kg2 Qf8 33.Qe2 Qe8 34.Ne3 Qe6 35.Qd2 Qf7 36.Qd1 Qe6
37.Kf2 Qh3 38.Qg1 Qe6 39.Qh1 Bg6 40.Qd1 Qh3 41.Kg1 Qe6 42.Ng4 h5 43.Ne5 Bxe5
44.dxe5 Kh7 45.Kg2 Be8 46.Qd4 Bf7 47.h3 Qg6 48.g4 Be6 49.Kg3 hxg4 50.hxg4 Qh6
51.Qb6 Bd7 52.Qxh6+ Kxh6 53.f4 g6 54.Bd4 Be6 55.Be3  1-0

[Event "Montecatini Terme op"]
[Site "Montecatini Terme"]
[Date "1997.08.07"]
[Round "7"]
[White "Farago, Ivan"]
[Black "Malakhov, Vladimir"]
[Result "1-0"]
[WhiteElo "2540"]
[BlackElo "2445"]

1.d4 Nf6 2.c4 e6 3.Nf3 Bb4+ 4.Bd2 c5 5.Bxb4 cxb4 6.g3 O-O 7.Bg2 d6 8.O-O Re8
9.Qb3 a5 10.Rd1 Nc6 11.Nbd2 e5 12.d5 Nb8 13.a3 Na6 14.axb4 Nxb4 15.Ne1 e4
16.Nf1 Nd7 17.Ne3 Nc5 18.Qc3 Bd7 19.b3 b5 20.cxb5 Bxb5 21.Rd2 Rc8 22.Bh3 Rb8
23.N1c2 Ba6 24.Nd4 Qc7 25.Ra3 Re5 26.Nc6 Nxc6 27.dxc6 Qxc6 28.Rxa5 Qb6 29.b4 Ne6
30.Rxe5 dxe5 31.Nd5 Qb5 32.Qxe5 Re8 33.Qc3 e3 34.Nxe3 Rc8 35.Qb2 Rb8 36.Nd5 Bb7
37.Qe5 Ba8 38.Bxe6 fxe6 39.Qxe6+ Kh8 40.e4 Qa4 41.Qe5 Qa7 42.b5 Rf8  1-0

[Event "Montecatini Terme op"]
[Site "Montecatini Terme"]
[Date "1997.08.08"]
[Round "8"]
[White "Malakhov, Vladimir"]
[Black "Jurkovic, Ante"]
[Result "1-0"]
[WhiteElo "2540"]
[BlackElo "2335"]

1.e4 e6 2.d4 d5 3.Nd2 Nf6 4.e5 Nfd7 5.c3 c5 6.f4 Nc6 7.Ndf3 Qb6 8.g3 cxd4
9.cxd4 Bb4+ 10.Kf2 g5 11.fxg5 Ndxe5 12.Nxe5 Nxe5 13.Kg2 Nc6 14.Nf3 Bf8 15.b3 Bd7
16.Be2 Bg7 17.Bb2 h6 18.Qd2 O-O-O 19.h4 f6 20.gxf6 Bxf6 21.Rac1 Rdg8 22.b4 Kd8
23.b5 Ne7 24.Bc3 Qd6 25.Ne5 Bxe5 26.dxe5 Qa3 27.Bd3 Qa4 28.Bb4 Bxb5 29.Bxb5 Qxb5
30.Bxe7+ Kxe7 31.Rc7+ Kd8 32.Rhc1 Qb6 33.Qc3  1-0

[Event "EU-ch U20"]
[Site "Tallinn"]
[Date "1997.09.13"]
[Round "4"]
[White "Kelly, Bryan"]
[Black "Malakhov, Vladimir"]
[Result "1/2-1/2"]
[WhiteElo "2390"]
[BlackElo "2540"]

1.d4 d5 2.c4 e6 3.Nc3 c6 4.e3 f5 5.Bd3 Nf6 6.f4 Be7 7.Nf3 O-O 8.O-O b6 9.b3 Ne4
10.Bb2 Nd7 11.Rc1 Ba6 12.Qe2 Rc8 13.Rc2 Ndf6 14.Ne5 Nxc3 15.Bxc3 Ne4 16.Bb2 c5
17.Rd1 Nf6 18.Rcc1 dxc4 19.bxc4 Qe8 20.d5 exd5 21.Bxf5 Rd8 22.Qf3 dxc4 23.Qh3 Rxd1+
24.Rxd1 Bc8 25.Be6+ Bxe6 26.Qxe6+ Kh8 27.Nc6 Ng8 28.Nxe7 Nxe7 29.Rd7 Nf5
30.Qxe8 Rxe8 31.Rf7 Kg8 32.Rxf5 Rxe3 33.Re5 Rd3 34.Kf2 c3 35.Bc1 Rd1 36.Re1 Rd4
37.Ke2 b5 38.Rd1 Ra4 39.a3 b4 40.Kd3 a5 41.g3 Kf7 42.Kc4 c2 43.Rh1 bxa3+
44.Kb3 a2 45.Bb2 Re4 46.Kxc2 Re2+ 47.Kb3 c4+ 48.Kc3 a4 49.Ra1 Rxh2 50.Rxa2 Rg2
51.Rxa4 Rxg3+ 52.Kxc4 Ke6 53.Bc1 h6 54.Ra5 Rf3 55.Kd4 Rf1 56.Be3 g5 57.fxg5 hxg5
58.Rxg5 Rf5 59.Rg1 Rd5+ 60.Kc4 Rd8 61.Bd4 Ra8 62.Kd3 Kd6 63.Rg6+ Kd5 64.Rg5+ Kd6
65.Ke4 Re8+ 66.Be5+ Kc5 67.Rg1 Rd8 68.Rc1+ Kb5 69.Rc2 Kb4 70.Bd4 Rg8 71.Kd3 Rg3+
72.Be3 Kb5 73.Rc5+ Kb4 74.Rc6 Rh3 75.Rb6+ Ka5 76.Rb1 Ka4 77.Kd4 Rh4+ 78.Kc5 Rh3
79.Bd4 Rb3 80.Rh1 Rb5+ 81.Kc6 Rg5 82.Rh3 Kb4 83.Be3  1/2-1/2

[Event "EU-ch U20"]
[Site "Tallinn"]
[Date "1997.09.14"]
[Round "5"]
[White "Malakhov, Vladimir"]
[Black "Bakhtadze, Giorgi"]
[Result "1/2-1/2"]
[WhiteElo "2540"]
[BlackElo "2365"]

1.e4 c5 2.Nf3 e6 3.c4 a6 4.Nc3 d6 5.d4 cxd4 6.Nxd4 Nf6 7.Be2 Be7 8.O-O O-O
9.Be3 b6 10.Rc1 Bb7 11.f3 Nbd7 12.Qd2 Qc7 13.Rfd1 Rac8 14.Bf1 Qb8 15.Qf2 Bd8
16.Kh1 Bc7 17.h3 Rfe8 18.b4 Qa8 19.Nb3 d5 20.exd5 exd5 21.c5 bxc5 22.Nxc5 Nxc5
23.Bxc5 Bf4 24.Rc2 d4 25.Bxd4 Nh5 26.Kg1 Bg3 27.Qd2 Qb8 28.Bf2 Bh2+ 29.Kh1 Ng3+
30.Bxg3 Bxg3 31.Ne2 Rcd8 32.Qc1 Rxd1 33.Qxd1 Be5 34.a3 g6 35.Nd4 Qd6 36.Rd2 Qf6
37.Ne2 Bc6  1/2-1/2

[Event "EU-ch U20"]
[Site "Tallinn"]
[Date "1997.09.16"]
[Round "7"]
[White "Rabinovich, Alexander"]
[Black "Malakhov, Vladimir"]
[Result "1-0"]
[WhiteElo "2415"]
[BlackElo "2540"]

1.d4 d5 2.c4 e6 3.Nc3 c6 4.Nf3 dxc4 5.a4 Bb4 6.e3 b5 7.Bd2 a5 8.axb5 Bxc3
9.Bxc3 cxb5 10.b3 Bb7 11.d5 Nf6 12.bxc4 b4 13.Bxf6 Qxf6 14.Qa4+ Nd7 15.Nd4 e5
16.Nb3 Ke7 17.Be2 Qd6 18.Rd1 Rhc8 19.O-O Nc5 20.Nxc5 Rxc5 21.f4 Re8 22.Qc2 g6
23.Qe4 Kf8 24.f5 Bc8 25.Qh4 Kg8 26.fxg6 fxg6 27.Rf6 Qd8 28.Rdf1 Rc7 29.d6 Rf7
30.c5 Rxf6 31.Qxf6 Qxf6 32.Rxf6 Kg7 33.Rf1 Bd7 34.Bc4 Kh6 35.Rf7 Rd8 36.Rxd7 Rxd7
37.Be6 Rd8 38.d7  1-0

[Event "EU-ch U20"]
[Site "Tallinn"]
[Date "1997.09.17"]
[Round "8"]
[White "Malakhov, Vladimir"]
[Black "Hnydiuk, Aleksander"]
[Result "1-0"]
[WhiteElo "2540"]
[BlackElo "2375"]

1.e4 c5 2.Nf3 e6 3.c4 Nc6 4.Nc3 Nge7 5.d4 Nxd4 6.Nxd4 cxd4 7.Qxd4 Nc6 8.Qe3 Be7
9.Be2 O-O 10.O-O Qc7 11.Rd1 a6 12.b3 b6 13.Qf4 Qxf4 14.Bxf4 Bf6 15.Rac1 Bd4
16.Bd6 Re8 17.Bf3 Ra7 18.e5 Bxc3 19.Rxc3 a5 20.Be2 Ba6 21.a3 Ne7 22.b4 axb4
23.axb4 Bb7 24.b5 Ra2 25.Bf1 Ng6 26.Bc7 Rc8 27.Bxb6 Nxe5 28.f4 Ng6 29.Rxd7 Be4
30.Be3 e5 31.fxe5 Nxe5 32.Rd4 f5 33.c5 Ra1 34.c6 Kf7 35.c7 Bd3 36.Rdxd3 Nxd3
37.b6  1-0

[Event "EU-ch U20"]
[Site "Tallinn"]
[Date "1997.09.18"]
[Round "9"]
[White "Shishkov, Andrei"]
[Black "Malakhov, Vladimir"]
[Result "1-0"]
[WhiteElo "2230"]
[BlackElo "2540"]

1.d4 c5 2.d5 d6 3.c4 e5 4.e4 Be7 5.Nf3 Bg4 6.Nbd2 Nf6 7.Be2 O-O 8.O-O h6
9.Ne1 Bc8 10.Nd3 a6 11.b3 Nbd7 12.Bb2 Re8 13.g3 Bf8 14.Bf3 g6 15.Bg2 Bg7
16.f4 b5 17.fxe5 dxe5 18.h3 Qe7 19.Qe2 Bb7 20.Rf2 Rf8 21.a4 b4 22.Raf1 Bc8
23.Kh2 h5 24.Nf3 Ne8 25.Qe3 Nd6 26.Nd2 Kh7 27.Qe2 Ra7 28.Nf3 Rc7 29.Bc1 Kg8
30.Bg5 Qe8 31.Nh4 Nb7 32.Bf3 Nb8 33.g4 Qd7 34.Qe3 hxg4 35.Bxg4 Qd6 36.Rf6 Bxf6
37.Bxf6 Kh7 38.Bxe5 Qe7 39.Bxc7 Bxg4 40.hxg4 Qxh4+ 41.Qh3 Qxh3+ 42.Kxh3 Nd7
43.Ne5 Nxe5 44.Bxe5 Na5 45.Bd6 Re8 46.Rxf7+ Kg8 47.Rf3 Nb7 48.e5 Kg7 49.g5 Rh8+
50.Kg4 Rh1 51.Be7  1-0

[Event "EU-ch U20"]
[Site "Tallinn"]
[Date "1997.09.19"]
[Round "10"]
[White "Malakhov, Vladimir"]
[Black "Agopov, Mikael"]
[Result "1/2-1/2"]
[WhiteElo "2540"]
[BlackElo "2300"]

1.e4 c5 2.Nf3 Nc6 3.Bb5 e6 4.O-O Nge7 5.c3 d5 6.exd5 Qxd5 7.Re1 Bd7 8.Bf1 Ng6
9.Na3 Be7 10.d4 cxd4 11.Nb5 Rc8 12.Nbxd4 Nxd4 13.Nxd4 Qa5 14.g3 O-O 15.Bg2 e5
16.Nb3 Qc7 17.h4 Rfd8 18.h5 Nf8 19.Qd5 Bc6 20.Qxe5 Rd1 21.Bf4 Bd6 22.Qf5 Rxa1
23.Nxa1 Bxf4 24.Qxf4 Qxf4 25.gxf4 Bxg2 26.Kxg2 Ne6 27.Kg3 Kf8 28.Nb3 Rc4
29.Na5 Rc7 30.Re4 b6 31.Nb3 Rd7 32.f5 Nc5 33.Nxc5 bxc5 34.Ra4 Ke7 35.Ra6 c4
36.Ra4 Rb7 37.Rb4 Rc7 38.Kf4 Kf6 39.a4 Rc5 40.Rb5 Rxb5 41.axb5 h6 42.Ke4 g6
43.fxg6 fxg6 44.hxg6 Kxg6 45.Kf4 Kf6 46.Kg4 Kg6 47.Kg3 Kg5 48.Kf3 Kf5 49.Kg3 Kg5  1/2-1/2

[Event "EU-ch U20"]
[Site "Tallinn"]
[Date "1997.09.20"]
[Round "11"]
[White "Tyomkin, Dimitri"]
[Black "Malakhov, Vladimir"]
[Result "1/2-1/2"]
[WhiteElo "2390"]
[BlackElo "2615"]

1.d4 d5 2.c4 e6 3.Nf3 c6 4.Nc3 dxc4 5.a4 Bb4 6.e3 b5 7.Bd2 a5 8.axb5 Bxc3
9.Bxc3 cxb5 10.b3 Bb7 11.bxc4 b4 12.Bb2 Nf6 13.Bd3 Nbd7 14.O-O O-O 15.Re1 Re8
16.c5 Bc6 17.e4 a4 18.Bc2 a3 19.Bc1 Qc7 20.e5 Nd5 21.Ng5 Nf8 22.Qd3 f5 23.exf6 Nxf6
24.Bd2 h6 25.Nf3 Reb8 26.Ne5 Bd5 27.Nc4 N8d7 28.Bb3 Qc6 29.Bxh6 gxh6 30.Qg6+ Kf8
31.Qxh6+ Kf7 32.Ne5+ Nxe5 33.dxe5 Ne8 34.Bxd5 Qxd5 35.Rad1 Qb7 36.Re4 Ng7
37.Rf4+ Kg8 38.Rh4 Qe7 39.Qh7+ Kf8 40.Rf4+ Nf5 41.Qh8+ Kf7  1/2-1/2

[Event "RUS-ch U20"]
[Site "Kolontaevo"]
[Date "1997.??.??"]
[Round "?"]
[White "Turov, Maxim"]
[Black "Malakhov, Vladimir"]
[Result "1-0"]
[WhiteElo "2425"]
[BlackElo "2540"]

1.e4 g6 2.d4 Bg7 3.c3 d6 4.Nf3 Nf6 5.Bd3 O-O 6.O-O c6 7.h3 Nbd7 8.Bg5 e5
9.Nbd2 h6 10.Be3 Qc7 11.Re1 b6 12.a4 Bb7 13.a5 Rad8 14.Qc2 Rfe8 15.dxe5 Nxe5
16.Nxe5 dxe5 17.axb6 axb6 18.Nc4 Nd7 19.b4 Bf8 20.Bf1 b5 21.Na5 Nb6 22.Nb3 Na4
23.Reb1 Ra8 24.f3 Reb8 25.Na5 Nb6 26.Qf2 Bc8 27.Bc5 Be6 28.Rd1 Bxc5 29.Qxc5 Rc8
30.Rd2 Kg7 31.Rad1 Na4 32.Qe3 c5 33.Rd6 c4 34.Qd2 Rab8 35.f4 exf4 36.Kh1 Rb6
37.e5 g5 38.Be2 Rxd6 39.exd6 Qb6 40.Bg4 f5 41.Re1 Kf6 42.Bf3 Rd8 43.Nc6 Re8
44.d7 Bxd7 45.Rxe8 Bxe8 46.Qd6+  1-0

[Event "RUS-ch U20"]
[Site "Kolontaevo"]
[Date "1997.??.??"]
[Round "?"]
[White "Prokopchuk, Evgeny"]
[Black "Malakhov, Vladimir"]
[Result "1/2-1/2"]
[WhiteElo "2440"]
[BlackElo "2540"]

1.d4 d5 2.Nf3 c6 3.g3 Nf6 4.Bg2 e6 5.O-O Be7 6.c4 O-O 7.b3 b6 8.Bb2 Bb7 9.Nbd2 Nbd7
10.Qc2 Rc8 11.e4 dxe4 12.Nxe4 c5 13.Nxf6+ Nxf6 14.Rad1 cxd4 15.Bxd4 Be4 16.Qb2 Qc7
17.Rfe1 Qb7 18.Rxe4 Qxe4 19.Ne5 Qf5 20.Nc6 Rfe8 21.Nxa7 Rcd8 22.Rf1 Bc5 23.Bxc5 Qxc5
24.Qc3 Nd5 25.Qe5 Ra8 26.Nb5 Rad8 27.a3 Nf6 28.Qxc5 bxc5 29.b4 cxb4 30.axb4 Re7
31.Rc1 Red7 32.Nc3 Rd4 33.Bf1 Rc8 34.Nb5 Rd2 35.c5 Kf8 36.c6 Ke7 37.Na7 Rc7
38.Nb5 Rc8 39.Bg2 Nd5 40.Bxd5 exd5 41.Rc5 d4 42.Kg2 d3 43.c7 Rc2 44.Re5+ Kf6
45.Rd5 d2 46.Kf3 Ke6 47.Rd3 Ke7 48.Ke2 d1=Q+ 49.Kxd1 Rxf2 50.Re3+  1/2-1/2

[Event "RUS-ch U20"]
[Site "Kolontaevo"]
[Date "1997.??.??"]
[Round "?"]
[White "Kobalija, Mihail"]
[Black "Malakhov, Vladimir"]
[Result "0-1"]
[WhiteElo "2545"]
[BlackElo "2540"]

1.e4 c6 2.d4 d5 3.exd5 cxd5 4.c4 Nf6 5.Nc3 e6 6.Nf3 Bb4 7.Bd3 dxc4 8.Bxc4 O-O
9.O-O a6 10.Ne5 b5 11.Bd3 Bb7 12.Bg5 Be7 13.Rc1 Nbd7 14.a3 Rc8 15.Bb1 Nd5
16.Qd3 g6 17.Bh6 Re8 18.Ne4 Rxc1 19.Rxc1 f5 20.Qh3 Nxe5 21.dxe5 Qb6 22.Nc3 Nxc3
23.Qxc3 Rc8 24.Qe1 Rxc1 25.Qxc1 Qd4 26.Bf4 g5 27.Be3 Qxe5 28.Bxg5 Bd6 29.g3 Qd5
30.Kf1 Bc5 31.Qe1 Kf7 32.Ke2 Qe5+ 33.Kd2 Qxb2+ 34.Bc2 Be4  0-1